000 00578nam a22001937a 4500
003 OSt
005 20140310182352.0
008 130930t xxu||||| |||| 00| 0 eng d
020 _a1863790179
050 _aGV 1002.9
_b.Sh555 1991
082 _aGS 796.342
_bSHI 1991
100 _aShields, David
_922206
245 _aThe name of the game is tennis /
_cDavid Shields; illustrated by Louise Webeek.
260 _aAustralia :
_bAussie Sports Books Pty. Ltd,
_c1991
300 _a63 p. :
_bill. col. ;
_c18 cm.
650 _aTennis
_915511
942 _2lcc
_cBK-GS
999 _c12387
_d12387